000 00300 a2200133 4500
001 79032
082 _a923.15491 WOL
090 _c39526
_d39526
100 _aWalpert, S
245 _aJinnah of Pakistan
_hEnglish
260 _bPAF Book Club
500 _aGeneral Books
505 _aAHQ Books
942 _aCAE NUST
_k923.15491 WOL
999 _c314105
_d314105